[Event "COL-ch"]
[Site "Palmira"]
[Date "2017.05.20"]
[Round "8"]
[White "Gonzalez, Leandro"]
[Black "Carranza, Miguel"]
[Result "1/2-1/2"]
[WhiteElo "1614"]
[BlackElo "1618"]
[PlyCount "61"]
[EventDate "2017.05.15"]
[EventType "swiss"]
[EventRounds "10"]
[EventCountry "COL"]
[SourceTitle "CBM 178 Extra"]
[Source "ChessBase"]
[SourceDate "2017.06.22"]
[SourceVersion "1"]
[SourceVersionDate "2017.06.22"]
[SourceQuality "1"]

1. e4 c5 2. Nf3 d6 3. d4 cxd4 4. Nxd4 Nf6 5. Nc3 a6 6. a4 e5 7. Nde2 Be7 8. h3 Nc6 9. g4 Be6 10. Bg2 Qc7 11. f4 Nd7 12. b3 Bh4+ 13. Kd2 exf4 14. Nxf4 Bf6 15. Nxe6 fxe6 16. Bb2 Bg5+ 17. Ke2 0-0 18. Nd5 Qd8 19. Ne3 Qb6 20. Qd2 e5 21. h4 Bf4 22. Raf1 Nd4+ 23. Bxd4 exd4 24. Rxf4 dxe3 25. Rxf8+ Rxf8 26. Qxe3 Qxe3+ 27. Kxe3 Ne5 28. Bh3 a5 29. g5 b6 30. Rf1 Rxf1 31. Bxf1 1/2-1/2

[Event "COL-ch"]
[Site "Palmira"]
[Date "2017.05.19"]
[Round "7"]
[White "Carranza, Miguel"]
[Black "Bonilla, Julio Cesar"]
[Result "1-0"]
[WhiteElo "1618"]
[BlackElo "1554"]
[PlyCount "103"]
[EventDate "2017.05.15"]
[EventType "swiss"]
[EventRounds "10"]
[EventCountry "COL"]
[SourceTitle "CBM 178 Extra"]
[Source "ChessBase"]
[SourceDate "2017.06.22"]
[SourceVersion "1"]
[SourceVersionDate "2017.06.22"]
[SourceQuality "1"]

1. d4 d5 2. c4 dxc4 3. Nc3 e6 4. Nf3 Bd7 5. Bf4 b5 6. e3 Bb4 7. a3 Ba5 8. Qc2 Nf6 9. Be2 Nd5 10. Bg3 Bxc3+ 11. bxc3 f6 12. 0-0 0-0 13. e4 Ne7 14. Rab1 a6 15. h3 Bc6 16. Nd2 Nd7 17. Rfe1 Nb6 18. Bg4 f5 19. exf5 exf5 20. Bf3 Ned5 21. Be5 Qg5 22. Bxc7 Rf6 23. Bxb6 Nxb6 24. Bxc6 Rxc6 25. Re5 Rg6 26. g3 Rf8 27. Nf3 Qh5 28. Kg2 Nd7 29. Rd5 Nb6 30. Re5 Rgf6 31. Nh4 Qf7 32. Rbe1 Nd5 33. Qd2 f4 34. g4 f3+ 35. Kh2 h6 36. Nf5 Rg6 37. Rxd5 Qc7+ 38. Rde5 Rxf5 39. gxf5 Rg2+ 40. Kh1 Qf7 41. f6 gxf6 42. Re8+ Kh7 43. R1e7 Kg6 44. Rxf7 Kxf7 45. Qe3 Rg5 46. Qe6+ Kg6 47. Rg8+ Kh5 48. Qf7+ Kh4 49. Qxf6 Kh5 50. Qxf3+ Kh4 51. Rxg5 hxg5 52. Qg4# 1-0

[Event "COL-ch"]
[Site "Palmira"]
[Date "2017.05.18"]
[Round "5"]
[White "Carranza, Miguel"]
[Black "Salguero, Miguel Angel"]
[Result "1-0"]
[WhiteElo "1618"]
[BlackElo "1500"]
[PlyCount "85"]
[EventDate "2017.05.15"]
[EventType "swiss"]
[EventRounds "10"]
[EventCountry "COL"]
[SourceTitle "CBM 178 Extra"]
[Source "ChessBase"]
[SourceDate "2017.06.22"]
[SourceVersion "1"]
[SourceVersionDate "2017.06.22"]
[SourceQuality "1"]

1. d4 Nf6 2. c4 e6 3. Nf3 g6 4. Bg5 Bg7 5. Nc3 c6 6. e4 d6 7. Qc2 Qc7 8. Rd1 0-0 9. g3 e5 10. Bxf6 Bxf6 11. d5 Bg7 12. Be2 Nd7 13. 0-0 Nf6 14. Rfe1 c5 15. Nb5 Qe7 16. Nh4 a6 17. Nc3 Ng4 18. Ng2 Bh6 19. Rb1 Bg7 20. a3 f5 21. Bxg4 fxg4 22. Rf1 Rf6 23. b4 b6 24. bxc5 bxc5 25. Rb6 Bb7 26. Rfb1 Ra7 27. Qb2 Rf7 28. Ne3 Qc7 29. Nxg4 h5 30. Ne3 Bf6 31. Ng2 Bd8 32. Ne3 Qxb6 33. Qxb6 Bxb6 34. Rxb6 Rd7 35. a4 Rc7 36. Rxd6 Kf7 37. a5 Bc8 38. Na4 Rd7 39. Rxd7+ Rxd7 40. Nxc5 Rc7 41. Nd3 Kf6 42. c5 Rb7 43. Nc4 1-0

[Event "COL-ch"]
[Site "Palmira"]
[Date "2017.05.18"]
[Round "6"]
[White "Plazas, Alfonso"]
[Black "Carranza, Miguel"]
[Result "1-0"]
[WhiteElo "1967"]
[BlackElo "1618"]
[PlyCount "114"]
[EventDate "2017.05.15"]
[EventType "swiss"]
[EventRounds "10"]
[EventCountry "COL"]
[SourceTitle "CBM 178 Extra"]
[Source "ChessBase"]
[SourceDate "2017.06.22"]
[SourceVersion "1"]
[SourceVersionDate "2017.06.22"]
[SourceQuality "1"]

1. e4 c5 2. Nf3 d6 3. d4 cxd4 4. Nxd4 Nf6 5. Nc3 a6 6. a4 e5 7. Nb3 Be6 8. Be2 Be7 9. Be3 Nc6 10. 0-0 0-0 11. Bf3 Qc7 12. a5 Bd8 13. Bb6 Qe7 14. Nd5 Bxd5 15. exd5 Na7 16. Be3 Nb5 17. c4 Nc7 18. c5 Nb5 19. cxd6 Nxd6 20. Bc5 Qd7 21. Re1 Re8 22. h3 Bc7 23. Be3 h6 24. Nc5 Qd8 25. b4 Rc8 26. Rc1 Bb8 27. Qd2 Qe7 28. g4 Nh7 29. Bg2 Ng5 30. f4 exf4 31. Bxf4 Qf6 32. Nd7 Rxe1+ 33. Rxe1 Qg6 34. Nxb8 Rxb8 35. Qd4 Nb5 36. Qe5 Rc8 37. h4 f6 38. Qf5 Qxf5 39. gxf5 Nf7 40. Re7 Nfd6 41. Rd7 Nxf5 42. Rxb7 Nxh4 43. Bh3 f5 44. d6 Rd8 45. Rb6 Nd4 46. Bf1 Ng6 47. Bc4+ Kf8 48. Be3 Nf3+ 49. Kf2 Nfe5 50. Bxa6 Ng4+ 51. Kf3 Nxe3 52. Kxe3 Ne5 53. Kd4 Nd7 54. Rc6 f4 55. Rc8 Ke8 56. Rc7 g5 57. Ke4 f3 1-0

[Event "Cali op-C"]
[Site "Cali"]
[Date "2008.12.27"]
[Round "3"]
[White "Carranza, Miguel"]
[Black "Ledesma, Robert"]
[Result "1-0"]
[WhiteElo "1600"]
[BlackElo "1600"]
[PlyCount "75"]
[EventDate "2008.12.26"]
[EventType "swiss"]
[EventRounds "9"]
[EventCountry "COL"]
[SourceTitle "EXT 2011"]
[Source "ChessBase"]
[SourceDate "2010.11.26"]
[SourceVersion "1"]
[SourceVersionDate "2010.11.26"]
[SourceQuality "1"]

1. d4 d6 2. c4 e5 3. Nf3 exd4 4. Nxd4 c5 5. Nf3 Nf6 6. Bg5 Be7 7. Nc3 Bg4 8. Qb3 b6 9. Rd1 Nc6 10. h3 Na5 11. Qc2 Bxf3 12. exf3 h6 13. Bh4 Nc6 14. Nb5 a6 15. Bxf6 Nb4 16. Nxd6+ Kf8 17. Bxe7+ Qxe7+ 18. Qe4 Rd8 19. Qxe7+ Kxe7 20. Nf5+ Kf6 21. Rxd8 Rxd8 22. Ne3 Nxa2 23. Nd5+ Ke6 24. Bd3 f5 25. Kd2 b5 26. Re1+ Kd6 27. Kc2 g6 28. Nf4 Nb4+ 29. Kc3 Kc6 30. Re6+ Kc7 31. Rxg6 Na2+ 32. Kb3 Nc1+ 33. Kc2 Na2 34. Ne6+ Kd6 35. Nxd8+ Ke5 36. Nc6+ Kf4 37. cxb5 axb5 38. Bxb5 1-0